Greek Dictionary Greek-English and English-Greek Pucket Dictionary

Uloženo v:
Podrobná bibliografie
Hlavní autor: Nathanail, Paul
Médium: Kniha
Jazyk:Undetermined
Vydáno: Londres, Inglaterra Runtledge & Kegan Paul 1985
Témata:
Tagy: Přidat tag
Žádné tagy, Buďte první, kdo vytvoří štítek k tomuto záznamu!

MARC

LEADER 00000nam a2200000Ia 4500
008 170316s9999 xx 000 0 und d
040 |a cru BVZT 
090 |a REF 
100 |a Nathanail, Paul 
245 |a Greek Dictionary Greek-English and English-Greek Pucket Dictionary 
260 |a Londres, Inglaterra 
260 |b Runtledge & Kegan Paul 
260 |c 1985 
300 |a 556 páginas 
650 |a REFERENCIA 
942 |c REF 
999 |c 14752  |d 14752